000 00603nam a2200241Ia 4500
003 OSt
005 20221007111105.0
006 a|||||r|||| 00| 0
007 ta
008 221006b |||||||| |||| 00| 0 eng d
024 _a22,547
037 _cTextual
040 _aLCO
_cLCO
_beng
041 _2eng
_aeng
082 _awn44,N85, M5
245 0 _aIndia Who's Who 1985
250 _a16th
260 _aNew
_bDelhi Infa Publications India
_c1985
300 _a288a+212b
650 _aINDIA WHOS WHO
_9708231
942 _hwn44,N85, M5
_cTEXL
999 _c1192110
_d1192110